case study of cage aquaculture in siemreap province with particular attention to marketing, stocking and early rearing of pangasius (ការសិក្សាស្តីពីការចិញ្ចឹមត្រីប្រាក្នុងបែនៅខេត្តសៀមរាប ការដាក់ចិញ្ចឹមអោយទាន់រដូវ និង ទីផ្សារ) (Record no. 3711)

000 -LEADER
fixed length control field 00758nam a22001577a 4500
003 - CONTROL NUMBER IDENTIFIER
control field OSt
005 - DATE AND TIME OF LATEST TRANSACTION
control field 20151130091251.0
008 - FIXED-LENGTH DATA ELEMENTS--GENERAL INFORMATION
fixed length control field 151130b xxu||||| |||| 00| 0 eng d
040 ## - CATALOGING SOURCE
Transcribing agency RUA
082 ## - DEWEY DECIMAL CLASSIFICATION NUMBER
Classification number FIS SOK 1997 B168 Or.1
100 ## - MAIN ENTRY--PERSONAL NAME
9 (RLIN) 3991
Personal name SOK, LONG.
245 ## - TITLE STATEMENT
Title case study of cage aquaculture in siemreap province with particular attention to marketing, stocking and early rearing of pangasius (ការសិក្សាស្តីពីការចិញ្ចឹមត្រីប្រាក្នុងបែនៅខេត្តសៀមរាប ការដាក់ចិញ្ចឹមអោយទាន់រដូវ និង ទីផ្សារ)
260 ## - PUBLICATION, DISTRIBUTION, ETC. (IMPRINT)
Place of publication, distribution, etc. Phnom Penh
Name of publisher, distributor, etc. RUA
Date of publication, distribution, etc. 1997
300 ## - PHYSICAL DESCRIPTION
Extent 65p.
Other physical details ill.
Dimensions 29cm.
942 ## - ADDED ENTRY ELEMENTS (KOHA)
Source of classification or shelving scheme
Koha item type FIS
Holdings
Price effective from Date last seen Permanent Location Not for loan Date acquired Source of classification or shelving scheme Koha item type Lost status Withdrawn status Date last checked out Total Checkouts Shelving location Damaged status Barcode Current Location Full call number
2015-11-302015-11-30Library Block B 2015-11-30 FIS    B168 RUA010940Library Block BFIS SOK 1997 B168 Or.1
2015-11-302015-11-30Library Block B 2015-11-30 FIS    B168 RUA010583Library Block BFIS SOK 1997 B168 Or.2
2015-11-302015-11-30Library Block B 2015-11-30 FIS    B168 RUA012482Library Block BFIS SOK 1997 B168 Or.3
2015-11-302015-11-30Library Block B 2015-11-30 FIS    B168 RUA012553Library Block BFIS SOK 1997 B168 Or.4
2015-11-302026-06-23Library Block B 2015-11-30 FIS  2026-06-041B168 RUA012481Library Block BFIS SOK 1997 B168 Or.5
2015-11-302015-11-30Library Block B 2015-11-30 FIS    B168 RUA012409Library Block BFIS SOK 1997 B168 Or.6
2015-11-302015-11-30Library Block B 2015-11-30 FIS    B168 RUA020733Library Block BFIS SOK 1997 B168 Or.7
2015-11-302015-11-30Library Block B 2015-11-30 FIS    B168 RUA010724Library Block BFIS SOK 1997 B168 Or.8
មជ្ឈមណ្ឌលឯការនៃសាកលវិទ្យាល័យភូមិន្ទកសិកម្មចំការដូង

Powered by Koha